Sobre la relación entre la teoría y la práctica en los contenidos de teoría general del derecho (Registro nro. 21703)

Detalles MARC
000 -LEADER
fixed length control field 00379 a2200109 4500
001 - CONTROL NUMBER
control field ART_41784
005 - DATE AND TIME OF LATEST TRANSACTION
control field 20260410161814.0
008 - FIXED-LENGTH DATA ELEMENTS--GENERAL INFORMATION
fixed length control field 260409a
100 1# - MAIN ENTRY--PERSONAL NAME
Personal name Aldao, Martín M.
245 10 - TITLE STATEMENT
Title Sobre la relación entre la teoría y la práctica en los contenidos de teoría general del derecho
773 0# - HOST ITEM ENTRY
Title Academia
Related parts - Año 12, Nº 24 (jul./dic. 2014)
Record control number REV4314

No hay ítems disponibles.